书目信息 |
| 题名: |
中国近代思想家文库
|
|
| 作者: | 戴逸 主编 ;施立业 编 | |
| 分册: | 姚莹卷 | |
| 出版信息: | 北京 中国人民大学出版社 2015.5 |
|
| 页数: | 15,524页 | |
| 开本: | 23cm | |
| 丛书名: | ||
| 单 册: | ||
| 中图分类: | B250.5 , K827=49 | |
| 科图分类: | ||
| 主题词: | 思想史--si xiang shi--研究--中国--近代 , 研究--yan jiu , 中国--zhong guo | |
| 电子资源: | ||
| ISBN: | 978-7-300-20921-0 | |
| 000 | 01149nam0 22003371 450 | |
| 001 | 1761151122 | |
| 005 | 20170620172353.85 | |
| 010 | @a978-7-300-20921-0@dCNY85.00 | |
| 100 | @a20150619d2015 em y0chiy50 ea | |
| 101 | 0 | @achi |
| 102 | @aCN@b110000 | |
| 105 | @ay z 000yd | |
| 106 | @ar | |
| 200 | 1 | @a中国近代思想家文库@9zhong guo jin dai si xiang jia wen ku@i姚莹卷@f施立业编 |
| 210 | @a北京@c中国人民大学出版社@d2015.5 | |
| 215 | @a15,524页@d23cm | |
| 300 | @a国家出版基金项目 | |
| 314 | @a主编:戴逸 | |
| 330 | @a这本选集主要从思想文化史角度进行选材,凡属思想文化史范围的内容尽可能选入,以全面、系统地反映姚莹的思想;同时酌取与姚莹思想发展有关的生平史料类作品,以便反映其思想产生、发展的背景因素。 | |
| 333 | @a思想史研究人员 | |
| 517 | @a姚莹卷@9yao ying juan | |
| 600 | 0 | @a姚莹@9yao ying@f(1785-1853)@x思想评论 |
| 606 | 0 | @a思想史@9si xiang shi@x研究@y中国@z近代 |
| 606 | 0 | @a研究@9yan jiu |
| 606 | 0 | @a中国@9zhong guo |
| 690 | @aB250.5@v5 | |
| 690 | @aK827=49@v5 | |
| 701 | 0 | @a戴逸@9dai yi@4主编 |
| 702 | 0 | @a施立业@9shi li ye@4编 |
| 801 | 0 | @aCN@b百万庄@c20170619 |
| 905 | @b1014957-62@dB250.5@e64:24@f6 | |
| 中国近代思想家文库.姚莹卷/施立业编.-北京:中国人民大学出版社,2015.5 |
| 15,524页;23cm |
| 国家出版基金项目.-使用对象:思想史研究人员 |
| ISBN 978-7-300-20921-0:CNY85.00 |
| 这本选集主要从思想文化史角度进行选材,凡属思想文化史范围的内容尽可能选入,以全面、系统地反映姚莹的思想;同时酌取与姚莹思想发展有关的生平史料类作品,以便反映其思想产生、发展的背景因素。 |
| ● |
| 相关链接 |
|
|
|
|
正题名:中国近代思想家文库
索取号:B250.5/64:24
 
预约/预借
| 序号 | 登录号 | 条形码 | 馆藏地/架位号 | 状态 | 备注 |
| 1 | 1014957 | 210149579 | 第一样本阅览室/ [索取号:B250.5/64:24] | 在馆 | |
| 2 | 1014958 | 210149588 | 教育系资料室/ [索取号:B250.5/64:24] | 在馆 | |
| 3 | 1014959 | 210149597 | 教育系资料室/ [索取号:B250.5/64:24] | 在馆 | |
| 4 | 1014960 | 210149604 | 教育系资料室/ [索取号:B250.5/64:24] | 在馆 | |
| 5 | 1014961 | 210149613 | 第一借阅区/ [索取号:B250.5/64:24] | 在馆 | |
| 6 | 1014962 | 210149622 | 第一借阅区/ [索取号:B250.5/64:24] | 在馆 |